000 00317nam a2200133 i 4500
001 bg
100 1 _aKOĆ, Andrzej
245 0 _aPodstawy geometryczne obróbki obwiedniowej /
_cA. Koć.
260 _aWarszawa,
_c1983.
040 _cBPK
041 _apol
942 _cKS
008 s pl f |000 0 pol
999 _c22451
_d22451
856 _uhttp://koha.tu.koszalin.pl/cgi-bin/koha/opac-detail.pl?biblionumber=22451
_yKatalog online BPK